The life of a Russian woman doctor : a Siberian memoir, 1869-1954 /

Bibliographic Details
Main Author: Bek, Anna Nikolaevna
Other Authors: Rassweiler, Anne Dickason
Format: Book
Language:English
Published: Bloomington : Indiana University Press, [2004]
Subjects:

MARC

Tag First Indicator Second Indicator Subfields
LEADER 00000cam a22000004a 4500
001 in00002018639
005 20151031161010.0
008 040318s2004 inuab b s001 0aeng
010 |a  2004006413 
020 |a 0253344603 (alk. paper) 
020 |a 0253217172 (pbk. : alk. paper) 
035 |a (OCoLC)ocm54825897 
040 |a DLC  |c DLC  |d TXA  |d UtOrBLW 
041 1 |a eng  |h rus 
042 |a pcc 
043 |a e-urs-- 
049 |a TXAM 
050 0 0 |a R534.B368  |b A3 2004 
082 0 0 |a 610/.92  |2 22 
100 1 |a Bek, Anna Nikolaevna. 
245 1 4 |a The life of a Russian woman doctor :  |b a Siberian memoir, 1869-1954 /  |c Anna Bek ; translated and edited by Anne D. Rassweiler ; with a foreword and additional notes by Adele M. Lindenmeyr. 
264 1 |a Bloomington :  |b Indiana University Press,  |c [2004] 
264 4 |c ©2004 
300 |a xvi, 152 pages :  |b illustrations, map ;  |c 25 cm. 
336 |a text  |b txt  |2 rdacontent 
337 |a unmediated  |b n  |2 rdamedia 
338 |a volume  |b nc  |2 rdacarrier 
504 |a Includes bibliographical references (pages [143]-144) and index. 
505 0 |a Chronology: the life of Anna Nikolaevna Zhukova-Bek -- Introduction: A journey to Siberia / Anne D. Rassweiler -- Growing up in the Transbaikal -- Student life in St. Petersburg and France -- New beginnings: Nerchinsk Zavod, St. Petersburg, Aksha -- Making a career: Chita in war and revolution -- The highs and lows of working life: Irkutsk, Novosibirsk, Tomsk. 
600 1 0 |a Bek, Anna Nikolaevna. 
650 0 |a Women physicians  |z Russia (Federation)  |z Siberia  |v Biography. 
700 1 |a Rassweiler, Anne Dickason. 
948 |a cataloged  |b h  |c 2005/1/10  |d c  |e dmitchel  |f 8:10:2- am 
994 |a E0  |b TXA 
999 |a MARS 
999 f f |s 62d15799-ebe7-3cc0-8ab3-a0a078f713b7  |i 9e26ba15-bf21-3468-9f4c-459060033867  |t 0 
952 f f |p ric  |a Texas A&M University  |b Rellis Campus  |c Joint Library Facility  |d Remote Storage  |t 0  |e R534.B368 A3 2004  |h Library of Congress classification  |i unmediated -- volume  |m A14831715164 
998 f f |a R534.B368 A3 2004  |t 0  |l Remote Storage